[Event "Budapest FS07 IM"]
[Site "Budapest"]
[Date "2003.07.05"]
[Round "1"]
[White "Gottesman, Jerome"]
[Black "Husari, Satea"]
[Result "0-1"]
[WhiteElo "2315"]
[BlackElo "2355"]
[PlyCount "76"]
[EventDate "2003.07.05"]
[EventType "tourn"]
[EventRounds "13"]
[EventCountry "HUN"]
[EventCategory "4"]
[SourceTitle "CBM 095 Extra"]
[Source "ChessBase"]
[SourceDate "2003.09.04"]
[SourceVersion "1"]
[SourceVersionDate "2003.09.04"]
[SourceQuality "1"]

1. d4 Nf6 2. Nf3 g6 3. Bg5 Bg7 4. Nbd2 d6 5. c3 0-0 6. e4 Nbd7 7. Be2 e5 8. dxe5 dxe5 9. h3 h6 10. Be3 Qe7 11. Qc2 b6 12. 0-0 Bb7 13. Rfe1 a5 14. a4 Nc5 15. Bxc5 Qxc5 16. Bf1 Nh5 17. Rad1 Rad8 18. Nc4 Nf4 19. Ne3 Bc8 20. Rxd8 Rxd8 21. Rd1 Qe7 22. Rxd8+ Qxd8 23. Qd2 Qf6 24. Be2 Be6 25. Nd5 Bxd5 26. exd5 e4 27. Ne1 Qg5 28. Qe3 Nxe2+ 29. Qxe2 Qxd5 30. Qc2 Be5 31. Kf1 c6 32. Ke2 b5 33. axb5 cxb5 34. Qd2 Qb3 35. Qc2 Qc4+ 36. Kd1 b4 37. cxb4 Qxb4 38. b3 Bc3 0-1